| 000 | 00378nam a22001577a 4500 | ||
|---|---|---|---|
| 005 | 20230111100642.0 | ||
| 008 | 221220b |||||||| |||| 00| 0 eng d | ||
| 041 | _aeng | ||
| 082 | _a624.151 RAH-F | ||
| 100 |
_aRAHAMAN , S K _97431 |
||
| 245 | _aFUNDAMENTAL OF GEOLOGY | ||
| 260 |
_aHYDERABAD _bPLANET BOOK HOUSE |
||
| 300 | _a6.41;P. | ||
| 650 | _aMINING | ||
| 942 | _cBK | ||
| 999 |
_c8169 _d8167 |
||